Bài tập kỹ thuật điện /

সংরক্ষণ করুন:
গ্রন্থ-পঞ্জীর বিবরন
প্রধান লেখক: Trương Tri Ngộ
অন্যান্য লেখক: Đỗ Xuân Tùng, Hà Đặng Cao Phong
বিন্যাস: Sách giấy
ভাষা:Vietnamese
প্রকাশিত: Hà Nội : Xây dựng , 1998
ট্যাগগুলো: ট্যাগ যুক্ত করুন
কোনো ট্যাগ নেই, প্রথমজন হিসাবে ট্যাগ করুন!
Thư viện lưu trữ: Thư viện Trường Đại học Đà Lạt
LEADER 00676nam a2200265 4500
001 DLU020019519
005 ##1/15/2002
020 # # |a 978- 
041 # # |a vie 
082 # # |a 621.307 6  |b TR-N 
100 # # |a Trương Tri Ngộ 
245 # # |a Bài tập kỹ thuật điện /  |c Trương Tri Ngộ, Đỗ Xuân Tùng, Hà Đặng Cao Phong 
260 # # |a Hà Nội :  |b Xây dựng ,  |c 1998 
300 # # |a 164 tr.;   |c 27 cm. 
700 # # |a Đỗ Xuân Tùng 
700 # # |a Hà Đặng Cao Phong 
992 # # |a 17000 
994 # # |a DLU 
900 # # |a False 
911 # # |a Administrator 
925 # # |a G 
926 # # |a A 
927 # # |a SH 
980 # # |a Thư viện Trường Đại học Đà Lạt